000
00274nam a22001217a 4500
008
190205b xxu||||| |||| 00| 0 eng d
041
_a
eng
080
_a
321
100
_a
19
101
_a
SHP
245
_a
Managing Government Operations
_c
Rosenthal, S.R
942
_2
udc
_c
BK
999
_c
53999
_d
53999